| 000 | 00796nam a22002057a 4500 | ||
|---|---|---|---|
| 999 |
_c3321 _d3321 |
||
| 003 | AR-CdUCM | ||
| 008 | 190306b ||||| |||| 00| 0 spa d | ||
| 040 |
_aMUNICIPALIDAD PROVINCIAL DEL CUSCO _cBIBLIOTECA MUNICIPAL DEL CUSCO |
||
| 082 |
_a869.56 / _bES82 |
||
| 100 |
_aEstremadoyro B. José M. _911036 |
||
| 245 | _aLa locura podría ser curada con la ceguera temporal provocada / | ||
| 260 |
_aLima : _bEditora Atlántida, _c1967. |
||
| 300 |
_a22 páginas , _c21 cm. |
||
| 505 | _aContenido: Introducción al análisis del trabajo -- Desarrollo de la "locura podría ser curada con la ceguera temporal provocada" -- La calvicie coadyuvante en el tratamiento. | ||
| 650 |
_aNarrativa _967 |
||
| 650 |
_aCeguera _911037 |
||
| 650 |
_aLocura _911038 |
||
| 942 |
_2ddc _cLIBROS |
||
| 945 | _adavv | ||